| 000 | 00720cam a2200205 a 4500 | ||
|---|---|---|---|
| 005 | 20140520110340.0 | ||
| 008 | 070130s2006 enk b 001 0 eng d | ||
| 020 | _a9780567031174 (hbk. : alk. paper) | ||
| 020 | _a0567031179 (hbk. : alk. paper) | ||
| 020 | _a9780567031181 (pbk. : alk. paper) | ||
| 020 | _a0567031187 (pbk. : alk. paper) | ||
| 100 | 1 | _aSpence, Alan. | |
| 245 | 1 | 4 |
_aThe promise of peace : _ba unified theory of atonement / _cAlan Spence. |
| 260 |
_aLondon ; _aNew York : _bT & T Clark, _c2006. |
||
| 300 |
_axv, 126 p. ; _c24 cm. |
||
| 504 | _aIncludes bibliographical references (p. [119]-121) and index. | ||
| 650 | 0 | _aAtonement. | |
| 650 | 0 |
_aAtonement _xHistory of doctrines. |
|
| 942 |
_2lcc _cBK |
||
| 999 |
_c36499 _d36499 |
||